| 000 | 00331nam a2200109Ia 4500 | ||
|---|---|---|---|
| 008 | 171211s9999 xx 000 0 und d | ||
| 245 | _aInterweaving Tapestries of Culture and Sexuality in the Caribbean | ||
| 245 | _cKaren Carpenter | ||
| 260 | _c2014 | ||
| 650 | _xSexuality | ||
| 856 | _uhttp://down.ebook777.com/065/331958815X.pdf | ||
| 999 |
_c350808 _d350808 |
||